• 首页
  • 本馆介绍
  • 公告通知
  • 最新文献
  • 馆藏检索
  • 电子资源
  • 读者导购
  • 参考咨询
  • 我的图书馆
  • 登录
  • 详细信息显示
  • 放入我的书架
  • 预约/预借图书
  • 作者相关作品
  • 分类相关作品
  • 丛书相关作品
  • 出版社相关作品

书目信息

  • 表格格式
  • 工作单格式
  • 卡片格式
题名:
消除对妇女一切形式歧视公约
    
 
作者:
分册:  
出版信息: 北京   法律出版社  1982
页数: 18页
开本: 19cm
丛书名:
单 册:
中图分类: D813.03
科图分类:
主题词: 联合国大会,第34届--文件
电子资源:
ISBN:
000 00583nam0 2200205 45
001 0182000130
005 20060926084054.56
010    @dCNY0.10
091    @aCN@b6004.528
100    @a19960215d1982 em y0chiy0121 ea
101 0  @achi
102    @aCN@b110000
105    @ay z 000yy
200 10 @a消除对妇女一切形式歧视公约@Axiao chu dui fu nu^ yi qie xing shi qi shi gong yue@e(第三十四届联大通过)
210    @a北京@c法律出版社@d1982
215    @a18页@d19cm
606    @a联合国大会,第34届@x文件
690    @aD813.03@v3
801  0 @aCN@bTSSF@c20060926
905    @a10447@dD813.03@e70
    
    消除对妇女一切形式歧视公约:(第三十四届联大通过).-北京:法律出版社,1982
    18页;19cm
    
    
    ISBN :CNY0.10
    
●
相关链接 在E读中查询图书 在五车中查询图书 在当当中查询图书 在豆瓣中查询图书


正题名:消除对妇女一切形式歧视公约     索取号:D813.03/70         预约/预借

序号 登录号 条形码 馆藏地/架位号 状态 备注
1 0422552   204225524   密集书库/ [索取号:D813.03/70] 在馆    
2 0441321   204413214   密集书库/ [索取号:D813.03/70] 在馆    
3 0441324   204413241   密集书库/ [索取号:D813.03/70] 在馆    
4 0471842   204718421   密集书库/ [索取号:D813.03/70] 在馆    
唐山师范学院图书馆 欢迎您!
大连网信软件有限公司© 版权所有